Vocabulaire Japonais #4 - Statistiques

Statistiques générales
  • Ce quiz a été pris 54 fois
  • Le résultat moyen est 27 sur 111
Statistiques - réponses
Hint Réponse % Correct
Bleu Ao / Aoi
83%
Rouge Aka / Akai
80%
Mari Otto / Danna / Dannasan / Goshujin
74%
Blanc Shiro / Shiroi
74%
Noir Kuro / Kuroi
66%
Mère, Maman (la sienne) Haha / Mama
63%
Rose Pinku
63%
Père, Papa (le sien) Chichi / Papa
60%
Vert Midori
60%
Grand frère (le sien) Ani / Niisan / Niichan
54%
Tante Oba / Obasan
51%
Mère (D'une autre famille) Okaasan
51%
Orange Orenji
51%
Grande sœur (la sienne) Ane / Neesan / Neechan
49%
Maintenant Ima
49%
Jambe Ashi
46%
Matin Asa
43%
Demain Ashita / Asu
43%
Petite sœur (la sienne) Imouto
43%
Tout les jours Mainichi
43%
Oncle Oji / Ojisan
43%
Grand frère (D'une autre famille) Oniisan
43%
Aujourd'hui Kyou
40%
Chocolat Chokorēto
37%
Fille (la sienne) Musume
37%
Pâtes Pasuta
37%
Grand mère Sobo / Baachan / Obaasan
37%
Porte Doa
34%
Chaise Isu
34%
Ce soir Konban
34%
Petit frère (le sien) Otouto
34%
Nuit Yoru
34%
Glace Aisukurīmu
31%
Bébé Akachan
31%
Lit Beddo
31%
Couleur Iro
31%
Toujours Itsumo
31%
Jaune Kiiro / Kiiroi
31%
Père (D'une autre famille) Otousan
31%
Mois prochain Raigetsu
31%
Violet Murasaki
29%
Table Tēburu
29%
Hier Kinou
26%
Toutes les semaines Maishuu
26%
Tout les mois Maitsuki / Maigetsu
26%
Fils (le sien) Musuko
26%
Grande sœur (D'une autre famille) Oneesan
26%
Parfois, de temps en temps Tokidoki
26%
Femme Tsuma / Okusan
26%
Souvent Yoku
26%
Nez Hana
23%
Ce mois Kongetsu
23%
Cette semaine Konshuu
23%
Cette année Kotoshi
23%
L'année prochaine Rainen
23%
Semaine prochaine Raishuu
23%
Grand père Sofu / Jiichan / Ojiisan
23%
Cuisine Daidokoro / Kicchin
20%
Midi Hiru
20%
Tout les ans Maitoshi / Mainen
20%
Bureau Tsukue
20%
Après-demain Asatte
17%
Marron, brun Chairo
17%
Divers Iroiro
17%
Encore (répétition) Mata
17%
Déjà Mou
17%
Semaine dernière Senshuu
17%
Argenté Gin'iro
14%
Après-midi Gogo
14%
Mur Kabe
14%
Ce matin Kesa
14%
Doré Kin'iro
14%
Avant-hier Ototoi
14%
Mois dernier Sengetsu
14%
Petite sœur (D'une autre famille) Imoutosan
11%
Epaules Kata
11%
Pas encore Mada
11%
Frigidaire Reizōko
11%
Mois d'après Saraigetsu
11%
Semaine d'après Saraishuu
11%
Bras Ude
11%
Genoux Hiza
9%
L'année dernière Kyonen
9%
Petit-enfant Mago / Omagosan
9%
Petit frère (D'une autre famille) Otoutosan
9%
Ce week-end Konshuumatsu
6%
Oreiller Makura
6%
Fils (D'une autre famille) Musukosan
6%
Fille (D'une autre famille) Musumesan
6%
Week-end prochain Raishuumatsu
6%
L'année d'après Sarainen
6%
Il y a deux mois Sensen getsu
6%
Il y a deux semaines Sensen shuu
6%
Gris Haiiro
3%
Meuble Kagu
3%
Tout à l'heure (passé) Sakki
3%
Hier soir Sakuya / Yuube
3%
Rarement Tamani
3%
Soir Yuugata
3%
Tout à l'heure (futur) Atode
0%
Après-midi entière Gogochuu
0%
Matinée entière Gozenchuu
0%
Coude Hiji
0%
Jamais Kesshite (+négation)
0%
Un de ces jours Kinjitsu chuu
0%
Bientôt Mou sugu
0%
Enfant (D'une autre famille) Okosan
0%
Il y a deux ans Ototoshi
0%
Tard dans la nuit Shinya
0%
Tôt le matin Souchou
0%
A l'instant Tatta ima
0%
Aucun quiz correspondant
Distribution des résultats
% des personnes avec chaque résultat
Percentile par nombre de réponses
Votre historique - résultats
Vous n’avez pas pris ce quiz